What's It Stand For? V Quiz Stats

 Plays Quiz Updated Nov 13, 2018

Challenge
Share
Tweet
Embed
Score 0/91 Timer 10:00
0 Plays Today
% Correct
National
92.7%
National
92.7%
United
87.5%
Association
84.8%
Association
84.8%
Association
84.8%
International
79.4%
Internationale
77.8%
(and) Space
77.7%
Nations
75.7%
Nations
75.7%
(de) Football
74.2%
Federal
72%
Micro-
62.7%
soft
61.8%
System
59.7%
Fédération
56.5%
Fund
55.9%
American
55.7%
American
55.7%
Ligament
55.2%
Operating
54.4%
You
53.1%
You
53.1%
What
50.9%
What
50.9%
Is
50.5%
Get
49.5%
See
48.1%
Aeronautics
44.9%
Criminal
44.3%
% Correct
Anterior
42.6%
Naval
42.5%
and
42.3%
Syndrome
41.7%
Administration
41.5%
Asian
41.2%
Children's
40.7%
of
40.5%
Insurance
39%
(of) South-
38.8%
Service
37%
Corporation
35.8%
east
35.5%
Deposit
34.8%
Respiratory
33.2%
Investigative
31.7%
Cruciate
29.5%
Delivery
28.2%
Protocol
26.7%
League
26.6%
All-
25.3%
Disk
25.1%
Transfer
24.1%
Rural
23.6%
File
23.3%
Tomorrow
23%
Acute
20.4%
Southern
20.1%
Baseball
19.9%
Emergency
19.4%
Community
19%
% Correct
Gays
18.4%
(of) Lesbians
18.2%
Professional
17%
Standard
16.5%
Girls
16.2%
Free
15.2%
Severe
15.1%
Parents
14.8%
Experimental
14%
Code
14%
Families & Friends
14%
Committee
13.9%
Christian
13.7%
(of) Securities
13.5%
Racketeer
13.4%
Leadership
13%
Conference
13%
Prototype
12.7%
Dealers
10.2%
(for) Information
8.8%
Student
8.8%
Quotations
8.1%
Organizations (Act)
7.8%
(and) Corrupt
6.8%
Automated
6.5%
Nonviolent
6.3%
Coordinating
5.9%
Interchange
5.4%
Influenced
4.6%

You're not logged in!

Compare scores with friends on all Sporcle quizzes.
OR
Log In

You Might Also Like...

Show Comments

Extras

Top Quizzes Today


Score Distribution

Your Account Isn't Verified!

In order to create a playlist on Sporcle, you need to verify the email address you used during registration. Go to your Sporcle Settings to finish the process.

Report this User

Report this user for behavior that violates our Community Guidelines.

Details: